Límits a la competitivitat / Grup de Lisboa
Descripción Física:
188 p. ; 23'5 cm
Colección:
Biblioteca Oberta ; 9
MARC
| LEADER | 00000nam a2200000Ia 4500 | ||
|---|---|---|---|
| 001 | 12153 | ||
| 003 | BGR | ||
| 005 | 20260324175609.0 | ||
| 008 | 160829s9999 xx 000 0 cat d | ||
| 080 | |a M-2-55 | ||
| 110 | 2 | |a Grup de Lisboa |9 71010 | |
| 245 | |a Límits a la competitivitat / Grup de Lisboa | ||
| 260 | |a Barcelona : |b Universitat Oberta de Catalunya : |b Proa ; 1998 | ||
| 300 | |a 188 p. ; |c 23'5 cm | ||
| 490 | |a Biblioteca Oberta ; 9 | ||
| 650 | |a Competència econòmica internacional |x Aspectes ètics i morals |9 34586 | ||
| 710 | 2 | |a Universitat Oberta de Catalunya |9 51757 | |
| 901 | |a Arxiu | ||
| 942 | |n 1 |2 udc |c MON | ||
| 952 | |0 0 |1 0 |4 0 |6 M255 |7 1 |9 46574 |a Arxiu |b Arxiu |d 2016-12-01 |l 0 |o M-2-55 |p 12153 |r 2016-12-01 00:00:00 |w 2016-12-01 |y ARXIU | ||
| 999 | |c 50367 |d 50367 | ||